000 00442nam a22001697a 4500
003 MPLRDC
005 20220104175951.0
008 210129b ||||| |||| 00| 0 eng d
082 _a859.6 HAS v.8
100 _aHASRI
245 _aARNAB BERLUMBA LARI DENGAN KURA-KURA
_c
260 _a
_b贝儿出版有限公司
_c1987
300 _b
490 _aSIRI CERITA KANAK-KANAK
650 _aSASTERA KANAK-KANAK
942 _cBK
_o859.6 HAS v.8
999 _c60672
_d60662